| 000 | 00902nam a2200289Ia 4500 | ||
|---|---|---|---|
| 001 | C0016 | ||
| 003 | IT-RoPAU | ||
| 008 | 130308s9999 xx 000 0 und d | ||
| 040 | _aIT-RoPAU | ||
| 040 | _cIT-RoPAU | ||
| 041 | _aFRANCESE | ||
| 100 | _aDard Philippe | ||
| 100 | _gCodice Aut. SPICS: 39731 | ||
| 245 | _a"Entre ""tic"" et ""puces"", le fantome du cybernanthrope" | ||
| 245 | _bCommunication et lien Social-Usages des machines a Communiquer | ||
| 250 | _a1a ed. | ||
| 260 | _aPARIS | ||
| 260 | _bDescartes | ||
| 260 | _c1992 [1° Ed.:1992 - Ed.Ling.Originale:1992] | ||
| 300 | _a"20 p. (prefazione: no ; testo: 20 [pagine: 139-158])" | ||
| 500 | _aFantasma del Cibernantropo. Domotica. Operazione Phi. per un pragmatismo Metodico. | ||
| 650 | _aSOCIOLOGIA DELLA COMUNICAZIONE SOCIALE | ||
| 650 | _eCodice materia Spics: 3806 | ||
| 942 | _cBK | ||
| 957 | _71 | ||
| 999 |
_c80207 _d80207 |
||
| 999 | _g1 | ||